|
|
|
|
| LEADER |
00000nam a2200000 a 4500 |
| 001 |
vtls001407763 |
| 003 |
SK-MaSNL |
| 005 |
20260301202125.0 |
| 008 |
251124s2000 xxua g e 00100 eng |
| 020 |
|
|
|a 0815316968
|q (viaz.)
|
| 035 |
|
|
|a SNK000362422
|
| 040 |
|
|
|a SNK
|b slo
|c SNK
|e AACR2
|
| 041 |
0 |
|
|a eng
|
| 044 |
|
|
|a xxu
|c US
|a xxk
|c GB
|
| 072 |
|
7 |
|a 56
|x Paleontológia
|2 konspekt
|
| 080 |
|
|
|a 56:59
|2 2001
|
| 080 |
|
|
|a 572.1/.4
|2 2001
|
| 080 |
|
|
|a (036)
|2 2001
|
| 245 |
0 |
0 |
|a Encyclopedia of human evolution and prehistory
|c editors Eric Delson ... [et al.]
|
| 250 |
|
|
|a 2nd ed.
|
| 260 |
|
|
|a New York
|a London
|b Garland
|c 2000
|
| 300 |
|
|
|a xlv, 753 s.
|b ilustr., mp., fotogr.
|c 29 cm
|
| 490 |
1 |
|
|a Garland reference library of the humanites
|v vol. 1845
|
| 650 |
0 |
7 |
|a paleozoológia
|2 SNKPH
|9 69847
|
| 650 |
0 |
7 |
|a antropogenéza
|2 SNKPH
|9 73157
|
| 650 |
0 |
7 |
|a Paleozoology
|2 SNKPHeng
|9 330323
|
| 650 |
0 |
7 |
|a Anthropogenesis
|2 SNKPHeng
|9 313772
|
| 655 |
|
7 |
|a encyklopédie
|2 SNKPH
|9 28776
|
| 655 |
|
7 |
|a Encyclopedias
|2 SNKPHeng
|9 90422
|
| 700 |
1 |
|
|a Delson, Eric
|4 edt
|9 583675
|
| 830 |
|
0 |
|a Garland reference library of the humanites
|9 583676
|
| 919 |
|
|
|a 0-8153-1696-8
|
| 999 |
|
|
|c 897635
|d 899565
|
| 952 |
|
|
|t snkENC 572(031)
|a SNKUST
|b SNKUST
|y PREZ
|7 0
|p 17A0201928
|o snkIB 72669
|i snk2012/23500
|8 5
|0 0
|1 0
|4 0
|d 2001-02-20
|l 0
|r 2025-03-19 00:00:00
|w 2026-02-24
|